| 000 | 00969nam a2200253Ia 4500 | ||
|---|---|---|---|
| 001 | 18153 | ||
| 003 | GE_BSU | ||
| 008 | 181216s||||||||xx |||||||||||||| ||und|| | ||
| 020 | _a978-9941-0-0727-9 | ||
| 040 | _cGE_BSU | ||
| 080 | _a811.353.1'373.611 | ||
| 100 | _aფეიქრიშვილი, ჟუჟუნა | ||
| 245 | _aსახელთა დერივაცია თანამედროვე ქართულში | ||
| 245 | _cრედ. რ. საღინაძე | ||
| 260 | _aთბილისი | ||
| 260 | _bგამ-ბა " ჯანსუღ ღვინჯილია | ||
| 260 | _c2008 | ||
| 300 | _a208გვ. ; 20სმ. | ||
| 541 | _h8ლ. | ||
| 653 | _aსახელთა დერივაცია თანამედროვე ქართულში | ||
| 653 | _aსიტყვათწარმოება ქართულში | ||
| 653 | _aქართული ენა | ||
| 942 | _cBK | ||
| 999 |
_c51194 _d51194 |
||